Technological Progress, Artificial Intelligence, and Inclusive Growth /

Advances in artificial intelligence and automation have the potential to be labor-saving and to increase inequality and poverty around the globe. They also give rise to winner-takes-all dynamics that advantage highly skilled individuals and countries that are at the forefront of technological progre...

Description complète

Détails bibliographiques
Auteur principal: Korinek, Anton
Autres auteurs: Schindler, Martin, Stiglitz, Joseph
Format: Revue
Langue:English
Publié: Washington, D.C. : International Monetary Fund, 2021.
Collection:IMF Working Papers; Working Paper ; No. 2021/166
Sujets:
Accès en ligne:Full text available on IMF
LEADER 01957cas a2200313 a 4500
001 AALejournalIMF022283
008 230101c9999 xx r poo 0 0eng d
020 |c 18.00 USD 
020 |z 9781513583280 
022 |a 1018-5941 
040 |a BD-DhAAL  |c BD-DhAAL 
100 1 |a Korinek, Anton. 
245 1 0 |a Technological Progress, Artificial Intelligence, and Inclusive Growth /  |c Anton Korinek, Martin Schindler, Joseph Stiglitz. 
264 1 |a Washington, D.C. :  |b International Monetary Fund,  |c 2021. 
300 |a 1 online resource (47 pages) 
490 1 |a IMF Working Papers 
500 |a <strong>Off-Campus Access:</strong> No User ID or Password Required 
500 |a <strong>On-Campus Access:</strong> No User ID or Password Required 
506 |a Electronic access restricted to authorized BRAC University faculty, staff and students 
520 3 |a Advances in artificial intelligence and automation have the potential to be labor-saving and to increase inequality and poverty around the globe. They also give rise to winner-takes-all dynamics that advantage highly skilled individuals and countries that are at the forefront of technological progress. We analyze the economic forces behind these developments and delineate domestic economic policies to mitigate the adverse effects while leveraging the potential gains from technological advances. We also propose reforms to the global system of governance that make the benefits of advances in artificial intelligence more inclusive. 
538 |a Mode of access: Internet 
650 7 |a Innovation  |2 imf 
650 7 |a Intellectual Property Rights  |2 imf 
650 7 |a Research and Development  |2 imf 
650 7 |a Technological Change  |2 imf 
700 1 |a Schindler, Martin. 
700 1 |a Stiglitz, Joseph. 
830 0 |a IMF Working Papers; Working Paper ;  |v No. 2021/166 
856 4 0 |z Full text available on IMF  |u http://elibrary.imf.org/view/journals/001/2021/166/001.2021.issue-166-en.xml  |z IMF e-Library